[Event "Guben op 16th"]
[Site "Guben"]
[Date "2013.01.02"]
[Round "1"]
[White "Kasparov, Sergey"]
[Black "Schniederjan, Thomas"]
[Result "1-0"]
[WhiteElo "2475"]
[BlackElo "2030"]
[PlyCount "71"]
[EventDate "2013.01.02"]
[EventType "swiss"]
[EventRounds "7"]
[EventCountry "GER"]
[SourceTitle "EXT 2014"]
[Source "ChessBase"]
[SourceDate "2013.11.20"]
[SourceVersion "1"]
[SourceVersionDate "2013.11.20"]
[SourceQuality "1"]

1. e4 c5 2. Nf3 d6 3. d4 cxd4 4. Nxd4 Nf6 5. f3 Nc6 6. c4 Nxd4 7. Qxd4 g6 8. Be3 Bg7 9. Qd2 0-0 10. Nc3 Be6 11. Rc1 Qa5 12. Nd5 Qxd2+ 13. Kxd2 Bxd5 14. cxd5 Rfc8 15. Rxc8+ Rxc8 16. g3 Nd7 17. Bh3 Rc7 18. Bxd7 Rxd7 19. b3 a6 20. Rc1 h5 21. Rc8+ Kh7 22. Kd3 Bf6 23. a4 h4 24. b4 h3 25. Bd4 Kg7 26. f4 e5 27. Be3 exf4 28. gxf4 g5 29. fxg5 Be5 30. Bd4 Kg6 31. Bxe5 dxe5 32. Re8 Rc7 33. Rxe5 Rc1 34. Rf5 Rg1 35. Rf3 Ra1 36. Kc4 1-0

[Event "Ruhrgebiet VK3 0910"]
[Site "Ruhrgebiet"]
[Date "2009.10.04"]
[Round "2.1"]
[White "Schniederjan, Thomas"]
[Black "Dereli, Ismail"]
[Result "1-0"]
[WhiteElo "1997"]
[BlackElo "1873"]
[PlyCount "45"]
[EventDate "2009.09.06"]
[EventType "team"]
[EventRounds "9"]
[EventCountry "GER"]
[SourceTitle "EXT 2011"]
[Source "ChessBase"]
[SourceDate "2010.11.26"]
[SourceVersion "1"]
[SourceVersionDate "2010.11.26"]
[SourceQuality "1"]
[WhiteTeam "Haltern"]
[BlackTeam "Gelsenkirchen"]
[WhiteTeamCountry "GER"]
[BlackTeamCountry "GER"]

1. e4 e6 2. d4 d5 3. e5 c5 4. c3 Nc6 5. Nf3 Qb6 6. a3 c4 7. h4 Bd7 8. Nbd2 Na5 9. a4 f6 10. g3 fxe5 11. Nxe5 Nf6 12. Bh3 Bd6 13. Qe2 Bxe5 14. dxe5 Ne4 15. Nxe4 dxe4 16. Be3 Qc7 17. Qh5+ g6 18. Qg5 Nc6 19. Bf4 Rf8 20. Rd1 Ne7 21. 0-0 Nd5 22. Rxd5 exd5 23. e6 1-0

[Event "Staufer op 21st"]
[Site "Schwaebisch Gmuend"]
[Date "2009.01.03"]
[Round "4"]
[White "Schniederjan, Thomas"]
[Black "Fleischer, Frank"]
[Result "1/2-1/2"]
[WhiteElo "1991"]
[BlackElo "2183"]
[PlyCount "119"]
[EventDate "2009.01.02"]
[EventType "swiss"]
[EventRounds "9"]
[EventCountry "GER"]
[SourceTitle "CBM 128 Extra"]
[Source "ChessBase"]
[SourceDate "2009.03.05"]
[SourceVersion "2"]
[SourceVersionDate "2009.03.25"]
[SourceQuality "1"]

1. e4 e6 2. d4 d5 3. e5 c5 4. c3 Nc6 5. Nf3 Bd7 6. a3 f6 7. Bd3 fxe5 8. Nxe5 Nxe5 9. dxe5 Qh4 10. Nd2 0-0-0 11. Nf3 Qg4 12. 0-0 Be7 13. Ng5 Qxd1 14. Rxd1 Bxg5 15. Bxg5 Rf8 16. b4 Ba4 17. Rd2 c4 18. Bb1 a6 19. Raa2 Rf7 20. Rd4 h6 21. Bg6 Rf8 22. Bh4 Be8 23. Rg4 Ba4 24. Rd2 Kd7 25. Rxc4 Bc6 26. Rcd4 Ne7 27. Bxe7 Kxe7 28. c4 dxc4 29. Rxc4 Rd8 30. Rcd4 Rxd4 31. Rxd4 Bd5 32. Rf4 Kd7 33. Rf7+ Kc6 34. a4 a5 35. bxa5 Ra8 36. Bd3 Rxa5 37. Bb5+ Kc5 38. Rxg7 Bc6 39. f4 Bxb5 40. axb5 Rxb5 41. Rd7 Rb2 42. h3 Rb4 43. g3 Rb2 44. g4 Rb4 45. f5 exf5 46. gxf5 Re4 47. Re7 b5 48. f6 b4 49. f7 Rf4 50. e6 b3 51. Rb7 Kd6 52. e7 Rxf7 53. e8Q Rxb7 54. Qg6+ Kc5 55. Qxh6 b2 56. Qe3+ Kb5 57. Qd3+ Kc5 58. Qc3+ Kd6 59. Qa3+ Kc6 60. Qc3+ 1/2-1/2

[Event "Boeblingen op 22nd"]
[Site "Boeblingen"]
[Date "2005.12.27"]
[Round "3"]
[White "Bogner, Sebastian"]
[Black "Schniederjan, Thomas"]
[Result "1-0"]
[WhiteElo "2321"]
[BlackElo "1943"]
[PlyCount "55"]
[EventDate "2005.12.26"]
[EventType "swiss"]
[EventRounds "9"]
[EventCountry "GER"]
[SourceTitle "CBM 110 Extra"]
[Source "ChessBase"]
[SourceDate "2006.03.10"]
[SourceVersion "2"]
[SourceVersionDate "2006.03.10"]
[SourceQuality "1"]

1. e4 d5 2. exd5 Nf6 3. d4 Bg4 4. Be2 Bxe2 5. Qxe2 Qxd5 6. Nf3 Nc6 7. c4 Qf5 8. 0-0 0-0-0 9. d5 Nb4 10. a3 Nd3 11. Be3 Kb8 12. Nc3 Nf4 13. Bxf4 Qxf4 14. Qe5 Qxc4 15. Rac1 Ng4 16. Qg3 e5 17. h3 Nxf2 18. Rxf2 Bc5 19. Nxe5 Qd4 20. Nd3 Qe3 21. Qxe3 Bxe3 22. Rd1 Rhe8 23. Kf1 Bxf2 24. Kxf2 Rd6 25. Nc5 Rf6+ 26. Kg1 Kc8 27. N3e4 Rf4 28. d6 1-0